Obras de Stefan Zweig / (Record no. 130098)
[ view plain ]
| 000 -LEADER | |
|---|---|
| campo de control de longitud fija | 01280nam a2200229 i 4500 |
| 001 - NÚMERO DE CONTROL | |
| campo de control | 130098 |
| 003 - IDENTIFICADOR DE NÚMERO DE CONTROL | |
| campo de control | ES-MaACL |
| 005 - FECHA Y HORA DE LA ÚLTIMA TRANSACCIÓN | |
| campo de control | 20231027063021.0 |
| 007 - CAMPO FIJO DE DESCRIPCIÓN FÍSICA--INFORMACIÓN GENERAL | |
| campo de control de longitud fija | t| |
| 008 - DATOS DE LONGITUD FIJA--INFORMACIÓN GENERAL | |
| campo de control de longitud fija | 070718s1958 sp ||||1| spa d |
| 100 1# - ENTRADA PRINCIPAL--NOMBRE DE PERSONA | |
| Nombre de persona | Zweig, Stefan, |
| Fechas asociadas al nombre | 1881-1942 |
| 9 (RLIN) | 118562 |
| 245 10 - MENCIÓN DEL TÍTULO | |
| Título | Obras de Stefan Zweig / |
| Mención de responsabilidad, etc. | Stefan Zweig. |
| 260 ## - PUBLICACIÓN, DISTRIBUCIÓN, ETC. | |
| Lugar de publicación, distribución, etc. | Barcelona : |
| Nombre del editor, distribuidor, etc. | José Janés, |
| Fecha de publicación, distribución, etc. | 1958. |
| 300 ## - DESCRIPCIÓN FÍSICA | |
| Extensión | 2 v. ; |
| Dimensiones | 18 cm. |
| 490 1# - MENCIÓN DE SERIE | |
| Mención de serie | Los Maestros de hoy |
| 505 8# - NOTA DE CONTENIDO CON FORMATO | |
| Nota de contenido con formato | Contiene: I: Stefan Zweig / por Friderike María Zweig ; Américo Vespucio / Traducción de Alfredo Cahn ; Tres poetas de su vida ; La lucha contra el demonio / Traducción de Joaquín Verdaguer ; La curación por el espíritu / Traducción de Francisco Payarols ; Balzac / Traducción de Arístides Gamboa.- XVI, 1861, 1 h., 1 retr. del autor -- II: La piedad peligros ; El candelabro enterrado ; Los ojos del hermano eterno ; La disputa de Raquel ; Secreto ardiente ; Cuento crepuscular ; Jeremías ; Tiempo y mundo ; Momentos estelares de la humanidad ; Amok ; 24 horas de la vida de una mujer... etc.- 1834 p. |
| 700 1# - ENTRADA AGREGADA--NOMBRE PERSONAL | |
| Nombre de persona | Zweig, Friderike Maria ( |
| Fechas asociadas al nombre | 1882-1971) |
| 9 (RLIN) | 118561 |
| 700 0# - ENTRADA AGREGADA--NOMBRE PERSONAL | |
| Nombre de persona | Cahn, Alfredo. |
| 9 (RLIN) | 33446 |
| 830 0# - PUNTO DE ACCESO ADICIONAL DE SERIE-TÍTULO UNIFORME | |
| Título uniforme | Los Maestros de hoy |
| 9 (RLIN) | 219416 |
| 852 ## - LOCALIZACIÓN | |
| Ubicación | ES-MaACL |
| Número de control de estantería | P-787 |
| Sublocalización o colección | R.41860 |
| Estatus retirado | Estado de pérdida | Estado de daño | No para préstamo | Biblioteca de origen | Biblioteca actual | Ubicación en estantería | Fecha de adquisición | Fuente de adquisición | Total de préstamos | Signatura topográfica completa | Código de barras | Visto por última vez | Precio de reemplazo | Tipo de ítem Koha |
|---|---|---|---|---|---|---|---|---|---|---|---|---|---|---|
| Biblioteca del Ateneo de Madrid | Biblioteca del Ateneo de Madrid | Depósito 2 | 17/01/2008 | P-787 | 1135466 | 23/02/2023 | 23/02/2023 | Libro impreso |
